We Never Call the Cops and Here is Why: A Qualitative Examination of Legal Cynicism in Three Philadelphia Neighborhoods

Saved in:  
Bibliographic Details
Authors: Carr, Patrick J. (Author) ; Napolitano, Laura (Author) ; Keating, Jessica (Author)
Format: Print Article
Language:English
Published: 2007
In: Criminology
Year: 2007, Volume: 45, Issue: 2, Pages: 445-480
Check availability: HBZ Gateway
Keywords:

MARC

LEADER 00000caa a22000002c 4500
001 1639130993
003 DE-627
005 20220608124143.0
007 tu
008 160223s2007 xx ||||| 00| ||eng c
035 |a (DE-627)1639130993 
035 |a (DE-576)455776180 
035 |a (DE-599)BSZ455776180 
040 |a DE-627  |b ger  |c DE-627  |e rakwb 
041 |a eng 
100 1 |a Carr, Patrick J.  |4 aut 
245 1 0 |a We Never Call the Cops and Here is Why: A Qualitative Examination of Legal Cynicism in Three Philadelphia Neighborhoods  |c Patrick J. Carr, Laura Napolitano, Jessica Keating 
264 1 |c 2007 
336 |a Text  |b txt  |2 rdacontent 
337 |a ohne Hilfsmittel zu benutzen  |b n  |2 rdamedia 
338 |a Band  |b nc  |2 rdacarrier 
700 1 |a Napolitano, Laura  |4 aut 
700 1 |a Keating, Jessica  |4 aut 
773 0 8 |i In  |t Criminology  |d Hoboken, NJ : Wiley, 1970  |g 45(2007), 2, Seite 445-480  |w (DE-627)129888508  |w (DE-600)301688-2  |w (DE-576)015191346  |x 0011-1384  |7 nnas 
773 1 8 |g volume:45  |g year:2007  |g number:2  |g pages:445-480 
776 1 |o 10.1111/j.1745-9125.2007.00084.x 
935 |a mkri 
951 |a AR 
ELC |b 1 
LOK |0 000 xxxxxcx a22 zn 4500 
LOK |0 001 3299413597 
LOK |0 003 DE-627 
LOK |0 004 1639130993 
LOK |0 005 20250623124538 
LOK |0 008 160208||||||||||||||||ger||||||| 
LOK |0 040   |a DE-21-110  |c DE-627  |d DE-21-110 
LOK |0 689   |a s  |a Jugendliche 
LOK |0 689   |a s  |a Einstellung 
LOK |0 689   |a s  |a Polizei 
LOK |0 689   |a s  |a Bürger-Polizei-Verhältnis 
LOK |0 689   |a s  |a Kriminalitätskontrolle 
LOK |0 852   |a DE-21-110 
LOK |0 852 1  |m p  |9 00 
LOK |0 935   |a k110 
LOK |0 938   |k p 
LOK |0 939   |a 08-02-16  |b l01 
ORI |a SA-MARC-krimdoka001.raw